书目信息 |
| 题名: |
LCOS微投影显示中照明系统的研究和设计
|
|
| 作者: | 甄艳坤 著 | |
| 分册: | ||
| 出版信息: | 北京 中国原子能出版社 2019 |
|
| 页数: | 119页 | |
| 开本: | 24cm | |
| 丛书名: | ||
| 单 册: | ||
| 中图分类: | TN873 | |
| 科图分类: | ||
| 主题词: | 投影显示器--tou ying xian shi qi--照明技术--研究 , 投影显示器--tou ying xian shi qi--照明技术--系统设计 | |
| 电子资源: | ||
| ISBN: | 978-7-5022-9717-6 | |
| 000 | 01429nam0 2200289 450 | |
| 001 | 012001003498 | |
| 005 | 20140102093125.0 | |
| 010 | @a978-7-5022-9717-6@dCNY42.00 | |
| 099 | @aCAL 012019130148 | |
| 100 | @a20190725d2019 em y0chiy50 ea | |
| 101 | 0 | @achi |
| 102 | @aCN@b110000 | |
| 105 | @aak a 000yy | |
| 106 | @ar | |
| 200 | 1 | @aLCOS微投影显示中照明系统的研究和设计@ALCOSwei tou ying xian shi zhong zhao ming xi tong de yan jiu he she ji@f甄艳坤著 |
| 210 | @a北京@c中国原子能出版社@d2019 | |
| 215 | @a119页@c图@d24cm | |
| 312 | @a英文并列题名取自封面 | |
| 320 | @a有书目 | |
| 330 | @a投影显示系统主要由照明系统和投影成像系统两部分组成, 其中照明系统作为投影显示系统的重要组成部分, 对于投影图像亮度和均匀性起到了决定性作用。本书以LCOS微投影显示中照明系统为重点, 介绍了非成像光学理论在投影显示照明系统中的运用, 并对所设计的照明系统模型进行光学追迹研究和分析, 主要内容包括: 非成像光学在投影显示照明系统设计中的应用、照明系统中光源和光学元件的模拟分析、LCOS微投影显示中照明系统设计等。本书结构合理, 条理清晰, 内容丰富新颖, 是一本值得学习研究的著作。 | |
| 510 | 1 | @aStudy and design of the illumination system in LCOS micro-display projector@zeng |
| 606 | 0 | @a投影显示器@Atou ying xian shi qi@x照明技术@x研究 |
| 606 | 0 | @a投影显示器@Atou ying xian shi qi@x照明技术@x系统设计 |
| 690 | @aTN873@v5 | |
| 701 | 0 | @a甄艳坤@AZhen Yankun@4著 |
| 801 | 0 | @aCN@b北京卓展@c20191020 |
| 905 | @b1211873-6@dTN873@e13@f4 | |
| LCOS微投影显示中照明系统的研究和设计/甄艳坤著.-北京:中国原子能出版社,2019 |
| 119页:图;24cm |
| ISBN 978-7-5022-9717-6:CNY42.00 |
| 投影显示系统主要由照明系统和投影成像系统两部分组成, 其中照明系统作为投影显示系统的重要组成部分, 对于投影图像亮度和均匀性起到了决定性作用。本书以LCOS微投影显示中照明系统为重点, 介绍了非成像光学理论在投影显示照明系统中的运用, 并对所设计的照明系统模型进行光学追迹研究和分析, 主要内容包括: 非成像光学在投影显示照明系统设计中的应用、照明系统中光源和光学元件的模拟分析、LCOS微投影显示中照明系统设计等。本书结构合理, 条理清晰, 内容丰富新颖, 是一本值得学习研究的著作。 |
| ● |
| 相关链接 |
|
|
|
|
正题名:LCOS微投影显示中照明系统的研究和设计
索取号:TN873/13
 
预约/预借
| 序号 | 登录号 | 条形码 | 馆藏地/架位号 | 状态 | 备注 |
| 1 | 1211873 | 212118732 | 第二样本阅览室/ [索取号:TN873/13] | 在馆 | |
| 2 | 1211874 | 212118741 | 第三借阅区/ [索取号:TN873/13] | 在馆 | |
| 3 | 1211875 | 212118750 | 第三借阅区/ [索取号:TN873/13] | 在馆 | |
| 4 | 1211876 | 212118769 | 第三借阅区/ [索取号:TN873/13] | 在馆 |